Patty Hearst : Her own story

Bibliographic Details
Main Author: Hearst, Patricia Campbell
Other Authors: Moscow, Alvin
Format: Book
Published: S.L : Lorgi/Avon , 1988
Subjects:

MARC

LEADER 00000cam a2200000 7i4500
001 0000004779
002 000005152
005 20000330.0
020 |a 0552134902 
090 0 0 |a 920   |b HEA 
100 1 |a Hearst, Patricia Campbell 
245 1 0 |a Patty Hearst :   |b Her own story   |c Patricia Campbell Hearst with Alvin Moscow 
260 |a S.L :   |b Lorgi/Avon ,   |c 1988 
300 |a 499p. ;   |c 18cm. 
650 0 0 |a Hearst, Patricia Campbell   |x Autobiographies 
700 0 |a Moscow, Alvin 
999 |a 035477   |b BUKU   |c PINJAMAN   |e PERPUSTAKAAN KOMUNITI PETALING JAYA